La ineficiencia de la escuela (Registro nro. 300554)
[ vista simple ]
| 000 -ENCABEZADO | |
|---|---|
| Número de control [NR] | 01363nam a22002417a 4500 |
| 005 - FECHA Y HORA DE LA ÚLTIMA TRANSACCIÓN | |
| control field | 20150821100714.0 |
| 008 - DE LONGITUD FIJA DE DATOS DE ELEMENTOS - INFORMACIÓN GENERAL | |
| Elementos de longitud fija [NR] | 150723s1919 ag ||||fr|||| 001 0 spa d |
| 040 ## - FUENTE DE CATALOGACION [NR] | |
| Quien Cataloga | Sandra Yazo |
| Quien Clasifica | Sandra Yazo |
| 041 0# - CODIGO DE IDIOMA [R] | |
| Código de idioma para texto/pista de sonido o título separado [R] | Español |
| 082 04 - NUMERO DE CLASIFICACION DECIMAL DEWEY [R] | |
| Número de la edición [NR] | 20 |
| Número de clasificación [R] | 370 |
| 092 ## - SIGNATURA TOPOGRAFICA LOCAL | |
| Número de clasificación local | E36N045 |
| 100 1# - ASIENTO PRINCIPAL--NOMBRE PERSONAL [NR] | |
| Nombre personal [NR] | Calderaro, José D. |
| ID Autoridad | 70291 |
| 245 13 - MENCION DE TITULO [NR] | |
| Título [NR] | La ineficiencia de la escuela |
| Mención de responsabilidad, etc. [NR] | José D. Calderaro |
| 260 ## - PUBLICACION, DISTRIBUCION, ETC. (PIE DE IMPRENTA) [R] | |
| Lugar de publicación, distribución, etc. [R] | Buenos AIres (Argentina) |
| Nombre del editor, distribuidor, etc. [R] | Librería e imprenta de M. A. Rosas |
| Fecha de publicación, distribución, etc. [R] | 1919 |
| 300 ## - DESCRIPCION FISICA [R] | |
| Extensión [R] | 136 páginas |
| Dimensiones [R] | 19 x 13 cm. |
| 500 ## - NOTA GENERAL [R] | |
| Nota general [NR] | Detalles fisicos: Encuadernación flexible en cartulina. Tapa delantera con datos de publicación impresos, rota y sucia. Portada impresa en una sola tinta. Texto impreso en una columna. Ejemplar desencuadernado, en regular estado de conservación. |
| 505 #7 - NOTA DE CONTENIDO CON FORMATO PREESTABLECIDO [R] | |
| Nota de contenido con formato preestablecido [NR] | Crítica pedagógica: La escuela contra el niño ; Los derechos del niño ; El examen y sus consecuencias ; Evolución de la escuela actual ; La barbarie del estudio ; Orientación de la enseñanza -- Historia educacional: Montaigne frete al atraso de nuestra escuela ; El concepto de hombre ; Oriente ; Gracia ; Roma ; Edad media y renacimiento ; El hombre del porvenir |
| 506 ## - NOTA DE RESTRICCIONES DE ACCESO [R] | |
| Condiciones de acceso [NR] | Consulta en sala |
| 650 #7 - ASIENTO SECUNDARIO DE MATERIA - TERMINO TEMATICO [R] | |
| 9 (RLIN) | 21216 |
| Término temático o nombre geográfico como elemento de entrada [NR] | Pedagogía crítica |
| 650 #7 - ASIENTO SECUNDARIO DE MATERIA - TERMINO TEMATICO [R] | |
| 9 (RLIN) | 10315 |
| Término temático o nombre geográfico como elemento de entrada [NR] | Calidad de la educación |
| 690 ## - ASUNTO AGREGADO LOCAL DE ENTRADA - TÉRMINO TEMÁTICO (OCLC, RLIN) | |
| 9 (RLIN) | 42917 |
| Acceso temático local | Teoría de la educación |
| 942 ## - ELEMENTOS DE ENTRADA AGREGADOS (KOHA) | |
| Sistema de clasificación | LOCAL |
| Tipo de ítem principal el descrito en 300a | Libro |
| Edición | 1 |
| Clasificación | E36N045 |
| Suprimido | Perdido | Sistema de clasificación | Dañado | No prestable | Tipo de ítem específico | Ubicación habitual | Ubicación actual | Localización | Fecha de creación | Forma de adquisición | Costo | Total préstamos | Signatura topográfica | Código de barras | Última vez visto | Ejemplar | Price effective from | Tipo de ítem |
|---|---|---|---|---|---|---|---|---|---|---|---|---|---|---|---|---|---|---|
| LOCAL | Libro archivo | Archivo Histórico | Archivo Histórico | Archivo histórico | 23/07/2015 | Donación | 0.00 | E36N045 | L004997 | 23/07/2015 | Ej.1 | 23/07/2015 | Libro |